000 00300 a2200121 4500
001 147019
040 _cEscola São Tomás de Aquino
100 _aMACHADO, Ana Maria
240 1 0 _aUm pra lá, outro pra cá
_lpor
245 1 0 _aUm pra lá, outro pra cá
697 _a*LITERATURA INFANTO
942 _cBK
999 _c147019
_d147019